<?xml version="1.0" encoding="UTF-8"?>
<record
    xmlns:xsi="http://www.w3.org/2001/XMLSchema-instance"
    xsi:schemaLocation="http://www.loc.gov/MARC21/slim http://www.loc.gov/standards/marcxml/schema/MARC21slim.xsd"
    xmlns="http://www.loc.gov/MARC21/slim">

  <leader>010450000a22002410004500</leader>
  <controlfield tag="003">LK-CoMWRAF</controlfield>
  <controlfield tag="005">20240315121909.0</controlfield>
  <controlfield tag="008">230817t1995       ||||| |||| 00| 0 eng d</controlfield>
  <datafield tag="020" ind1=" " ind2=" ">
    <subfield code="a">9555973083</subfield>
  </datafield>
  <datafield tag="040" ind1=" " ind2=" ">
    <subfield code="a">LK-CoMWRAF</subfield>
    <subfield code="d">LK-CoMWRAF</subfield>
    <subfield code="e">LK-CoMWRAF</subfield>
  </datafield>
  <datafield tag="041" ind1=" " ind2=" ">
    <subfield code="a">tam</subfield>
  </datafield>
  <datafield tag="082" ind1=" " ind2=" ">
    <subfield code="a">303.66</subfield>
    <subfield code="b">BAL</subfield>
  </datafield>
  <datafield tag="100" ind1=" " ind2=" ">
    <subfield code="a">&#xBAA;&#xBBE;&#xBB2;&#xB9A;&#xBC2;&#xBB0;&#xBBF;&#xBAF;&#xBBE;, &#xB8F;. &#xB8E;&#xBB8;&#xBCD; </subfield>
    <subfield code="v">Balasooriya, A.S.</subfield>
  </datafield>
  <datafield tag="245" ind1=" " ind2=" ">
    <subfield code="a">&#xBAA;&#xBBF;&#xBB3;&#xBCD;&#xBB3;&#xBC8;&#xB95;&#xBB3;&#xBC1;&#xB95;&#xBCD;&#xB95;&#xBC1;&#xB9A;&#xBCD; &#xB9A;&#xBAE;&#xBBE;&#xBA4;&#xBBE;&#xBA9;&#xBA4;&#xBCD;&#xBA4;&#xBC8;&#xB95;&#xBCD; &#xB95;&#xBB1;&#xBCD;&#xBAA;&#xBBF;&#xBA4;&#xBCD;&#xBA4;&#xBB2;&#xBCD;</subfield>
  </datafield>
  <datafield tag="246" ind1=" " ind2=" ">
    <subfield code="a">Pillaigalukkuch Samathanaththaik Karpiththal</subfield>
  </datafield>
  <datafield tag="246" ind1=" " ind2=" ">
    <subfield code="a">Teaching peace to children (Model lessons for upper secondary classes)</subfield>
  </datafield>
  <datafield tag="260" ind1=" " ind2=" ">
    <subfield code="a">Maharagama:</subfield>
    <subfield code="b">Department of education management development, National Institute of Education,</subfield>
    <subfield code="c">1995</subfield>
  </datafield>
  <datafield tag="300" ind1=" " ind2=" ">
    <subfield code="a">270 p.</subfield>
    <subfield code="b">Bibliography included</subfield>
  </datafield>
  <datafield tag="650" ind1=" " ind2=" ">
    <subfield code="a">PEACE EDUCATION-Sri Lanka</subfield>
  </datafield>
  <datafield tag="700" ind1=" " ind2=" ">
    <subfield code="a">&#xBAA;&#xBC6;&#xBB0;&#xBCD;&#xBA9;&#xBBE;&#xBA3;&#xBCD;&#xB9F;&#xBCB;, &#xB86;&#xBB0;&#xBCD;&#xBA4;&#xBB0;&#xBCD; &#xB9C;&#xBCB;&#xBA9;&#xBCD;&#xBB8;&#xBCD;</subfield>
    <subfield code="y">Fernando, Arthur Jones</subfield>
    <subfield code="e">trans.</subfield>
  </datafield>
  <datafield tag="700" ind1=" " ind2=" ">
    <subfield code="a">&#xBA4;&#xBA9;&#xBB0;&#xBBE;&#xB9C;&#xBCD;, &#xBA4;&#xBC8;</subfield>
    <subfield code="y">Thanaraj, T.</subfield>
    <subfield code="e">ed.</subfield>
  </datafield>
  <datafield tag="942" ind1=" " ind2=" ">
    <subfield code="c">BK</subfield>
  </datafield>
  <datafield tag="952" ind1=" " ind2=" ">
    <subfield code="0">0</subfield>
    <subfield code="1">0</subfield>
    <subfield code="4">0</subfield>
    <subfield code="7">0</subfield>
    <subfield code="a">MAIN</subfield>
    <subfield code="b">MAIN</subfield>
    <subfield code="d">2023-08-17</subfield>
    <subfield code="l">0</subfield>
    <subfield code="o">303.66 BAL</subfield>
    <subfield code="p">RAF4707</subfield>
    <subfield code="r">2023-08-17</subfield>
    <subfield code="w">2023-08-17</subfield>
    <subfield code="y">BK</subfield>
  </datafield>
  <datafield tag="999" ind1=" " ind2=" ">
    <subfield code="c">1090</subfield>
    <subfield code="d">1090</subfield>
  </datafield>
</record>
